000 01043pab a2200181 454500
008 180718b1999 xxu||||| |||| 00| 0 eng d
100 _aBhardwaj, H.R.
245 _aParliamentary privilege and corruption in public life
260 _c1999
300 _ap.675-683.
362 _aOct-Dec
520 _aStarting off with a survey of contributions of UK (the country on which our parliamentary system is broadly patterned) on checking corruption in public life, the author focuses on parliamentary privileges and law of corruption. Drawing from issues thrown up in decisions taken in certain recent cases in UK, Australia and India (Narasimha Rao M.P. Bribery case), particularly identifying weaknesses in law in India, the author analytically examines the corrective measures that are needed and prescribes a package of action plan in this direction. - Reproduced
650 _aLegislative bodies - Privileges and immunities
650 _aCorruption
773 _aIndian Journal of Public Administration
908 _aN
909 _a44051
999 _c44051
_d44051